Chinese names : notes on the use of surname & personal names by the Chinese in Malaysia and Singapore

Bibliographic Details
Main Author: Jones, Russell
Format: Book
Published: Kuala Lumpur : Pelanduk Publications , 1984
Subjects:

MARC

LEADER 00000cam a2200000 7i4500
001 0000000430
002 000000507
005 20080410.0
020 |a 967978052X 
090 0 0 |a 929.4095951   |b JON 
100 1 |a Jones, Russell 
245 1 0 |a Chinese names :   |b notes on the use of surname & personal names by the Chinese in Malaysia and Singapore   |c Russell Jones 
260 |a Kuala Lumpur :   |b Pelanduk Publications ,   |c 1984 
300 |a 84p. ;   |c 22cm. 
650 0 0 |a Names, Personal   |x Chinese 
650 0 0 |a Names, Personal   |z Malaysia 
650 0 0 |a Names, Personal   |z Singapore 
999 |a 0008717   |b BUKU   |c MALAYSIANA   |e PERPUSTAKAAN KOMUNITI PETALING JAYA 
999 |a 025017   |b BUKU   |c PINJAMAN   |e PERPUSTAKAAN KOMUNITI PETALING JAYA